000 00834nam a22002057a 4500
999 _c18707
_d18707
003 AR-CdUCM
008 190515b ||||| |||| 00| 0 spa d
040 _aMUNICIPALIDAD PROVINCIAL DEL CUSCO
_cBIBLIOTECA MUNICIPAL DEL CUSCO
082 _a985.7 /
_bF39
100 _aFerrero, Andrés, O.P.
_939446
245 _aLos machiguengas :
_btribu selvática del sur-oriente peruano /
260 _aPuerto Maldonado :
_bInstituto de Estudios Tropicales Pio Aza,
_c1967.
300 _a439 páginas ;
_bFotografías,
_c22 cm.
505 _aContenido: Feliz viaje -- Confesión -- Los Machiguengas -- Origen de los Machiguengas -- Campas y Machiguengas...
650 _aIndígenas machiguengas
_96041
650 _aVida y costumbres sociales
_9857
650 _aIndígenas del Perú
_95715
942 _2ddc
_cLIBROS
945 _adavv
_d2019-05-15